|
|
|
|
| LEADER |
00000nab a2200000 a 4500 |
| 001 |
vtls000997540 |
| 003 |
SK-MaSNL |
| 005 |
20260318124142.0 |
| 008 |
040720e18750000xo 0 hun |
| 035 |
|
|
|a RVH160
|
| 040 |
|
|
|a RVGKPD
|b slo
|c RVGKPD
|e AACR2
|
| 041 |
0 |
|
|a slo
|
| 044 |
|
|
|a xo
|c SK
|
| 080 |
|
|
|a 373.31
|2 1981
|
| 080 |
|
|
|a 727.1
|2 1981
|
| 100 |
1 |
|
|a Hajcsi, Sándor
|4 aut
|9 1024916
|
| 245 |
1 |
0 |
|a Rozsnyó, 1875. augusztus 31.
|
| 650 |
0 |
7 |
|a školy obecné
|2 RVGKPD
|9 1024954
|
| 650 |
0 |
7 |
|a školské budovy
|2 RVGKPD
|9 2986
|
| 651 |
|
7 |
|a Rožňava (Slovensko)
|2 RVGKPD
|9 17394
|
| 655 |
|
7 |
|a periodikum
|2 snkbucl
|9 29553
|
| 773 |
0 |
8 |
|t Rozsnyói Hiradó
|g Roč. 3, č.36, 05.09.1875, s. 1, 2
|
| 852 |
|
|
|a ZVYKNI
|b KIS3GCP
|
| 999 |
|
|
|c 2530874
|d 2532804
|